| 000 | 00458nam a2200157Ia 4500 | ||
|---|---|---|---|
| 003 | SGT | ||
| 020 | _a9788190722483 | ||
| 082 |
_a5.133 _bSIN |
||
| 100 | _aSindhu,Anju | ||
| 245 | _aComputer fundamental in C programming | ||
| 260 |
_bVaya Education of India _aNew Delhi _c2008 |
||
| 300 | _a1272p. | ||
| 650 | _aCOMUTER SCIENCE | ||
| 653 | _aBASIC CONCEPT,COMPUTER ORGANIZATION,COMPUTER LANGUAGE AND SOFTWARE,OPERATING SYSTEM,NUMBER SYSTEM | ||
| 942 |
_2ddc _cBK |
||
| 999 |
_c4970 _d4970 |
||